Avengers or X-Men? Quiz Stats

Quiz Updated Nov 15, 2017

Challenge
Share
Tweet
Embed
Score 0/30 Timer 03:00
9 Plays Today
Character Team % Correct
Hulk???
91.5%
Ant-Man???
91.4%
Black Widow???
90.2%
Hawkeye???
89.6%
Doctor Strange???
89.4%
Cyclops???
88.6%
Gambit???
85.7%
Colossus???
85.5%
Nightcrawler???
85.4%
Psylocke???
84.8%
Iceman???
84.6%
Jubilee???
83.3%
Banshee???
83.1%
Vision???
81.2%
Wasp???
81.1%
Character Team % Correct
Dazzler???
76.4%
Polaris???
75.9%
Maggott???
73.3%
Darwin???
73%
Sharon Carter???
72.4%
White Queen???
70.8%
Northstar???
69.4%
Wonder Man???
66.7%
Petra???
63.2%
Moon Knight???
56.1%
Two-Gun Kid???
51.5%
Mockingbird???
49.1%
Tigra???
47.4%
Jack of Hearts???
43.9%
Hellcat???
43.6%

You're not logged in!

Compare scores with friends on all Sporcle quizzes.
Join for Free
OR
Log In

You Might Also Like...

Show Comments

Extras

Top Quizzes Today


Score Distribution

Your Account Isn't Verified!

In order to create a playlist on Sporcle, you need to verify the email address you used during registration. Go to your Sporcle Settings to finish the process.

Report this User

Report this user for behavior that violates our Community Guidelines.

Details: